[Event "13th Sigeman & Co"]
[Site "Copenhagen/Malmoe DEN"]
[Date "2005.04.23"]
[Round "8"]
[White "Sasikiran,K"]
[Black "Hillarp Persson,T"]
[Result "1-0"]
[WhiteElo "2642"]
[BlackElo "2533"]

1.d4 g6 2.c4 Bg7 3.Nc3 d6 4.e4 e5 5.d5 f5 6.exf5 gxf5 7.Qh5+ Kf8 8.Bd3 Nf6
9.Qd1 Na6 10.Nge2 Qe8 11.Ng3 Qg6 12.h4 h5 13.Bg5 Nc5 14.Bc2 Ng4 15.Rh3 e4
16.Nge2 Ne5 17.Nf4 Qf7 18.Kf1 Nxc4 19.b4 e3 20.bxc5 Bxc3 21.Rc1 Be5 22.fxe3 dxc5
23.Ne6+ Kg8 24.Rf3 Nd6 25.Nxc5 b6 26.Ne6 c5 27.Kg1 Bxe6 28.dxe6 Qxe6 29.Rxf5 Rf8
30.Rxe5 Qxe5 31.Qd3 Rf6 32.Bxf6 Qxf6 33.Qd5+ Kg7 34.Rf1 Qe7 35.Rf3 Nf7 36.Qf5 Rh6
37.Rg3+ Kf8 38.Bb3 Rf6 39.Qc8+ Qd8 40.Rg8+  1-0

[Event "III Marx Gyorgy"]
[Site "Paks HUN"]
[Date "2005.06.12"]
[Round "1"]
[White "Sasikiran,K"]
[Black "Korchnoi,V"]
[Result "1/2-1/2"]
[WhiteElo "2642"]
[BlackElo "2619"]

1.d4 Nf6 2.c4 e6 3.Nc3 Bb4 4.Qc2 d6 5.Bg5 c5 6.dxc5 dxc5 7.e3 h6 8.Bh4 Nc6
9.Ne2 e5 10.a3 Ba5 11.Rd1 Qe7 12.Bxf6 Qxf6 13.Ng3 O-O 14.Be2 Qh4 15.O-O f5
16.Nb5 Qe7 17.Nd6 g6 18.Nxc8 Raxc8 19.Rd5 Rcd8 20.Rfd1 e4 21.Bf1 Bc7 22.Ne2 Be5
23.Nc3 h5 24.Rxd8 Rxd8 25.Nd5 Qd6 26.g3 h4 27.Kg2 hxg3 28.hxg3 Kg7 29.Be2 Qe6
30.b4 Rh8 31.Kg1 g5 32.Bf1 cxb4 33.axb4 Bb8 34.Bg2 Ne5 35.Qc3 Kf7 36.Kf1 Rc8
37.c5 Rd8 38.Qb3 a6 39.Ke1 Kf8 40.Qc3 Nd3+ 41.Rxd3 exd3 42.Qxd3 Be5 43.Kf1 Qf7
44.Kg1 Bg7 45.e4 fxe4 46.Bxe4 Rd7 47.Kg2 Qe6 48.Qf3+ Rf7 49.Qd3 Rd7 50.Qf3+ Rf7
51.Qd3 Rd7  1/2-1/2

[Event "III Marx Gyorgy"]
[Site "Paks HUN"]
[Date "2005.06.12"]
[Round "1"]
[White "Sasikiran,K"]
[Black "Korchnoi,V"]
[Result "1/2-1/2"]
[WhiteElo "2642"]
[BlackElo "2619"]

1.d4 Nf6 2.c4 e6 3.Nc3 Bb4 4.Qc2 d6 5.Bg5 c5 6.dxc5 dxc5 7.e3 h6 8.Bh4 Nc6
9.Ne2 e5 10.a3 Ba5 11.Rd1 Qe7 12.Bxf6 Qxf6 13.Ng3 O-O 14.Be2 Qh4 15.O-O f5
16.Nb5 Qe7 17.Nd6 g6 18.Nxc8 Raxc8 19.Rd5 Rcd8 20.Rfd1 e4 21.Bf1 Bc7 22.Ne2 Be5
23.Nc3 h5 24.Rxd8 Rxd8 25.Nd5 Qd6 26.g3 h4 27.Kg2 hxg3 28.hxg3 Kg7 29.Be2 Qe6
30.b4 Rh8 31.Kg1 g5 32.Bf1 cxb4 33.axb4 Bb8 34.Bg2 Ne5 35.Qc3 Kf7 36.Kf1 Rc8
37.c5 Rd8 38.Qb3 a6 39.Ke1 Kf8 40.Rd4 Nd3+ 41.Rxd3 exd3 42.Qxd3 Be5 43.Kf1 Qf7
44.Kg1 Bg7 45.e4 fxe4 46.Bxe4 Rd7 47.Kg2 Qe6 48.Qf3+ Rf7 49.Qd3 Rd7 50.Qf3+ Rf7
51.Qd3 Rd7  1/2-1/2

[Event "HZ Open"]
[Site "Vlissingen NED"]
[Date "2005.08.07"]
[Round "2"]
[White "Van Hoeve,A"]
[Black "Sasikiran,K"]
[Result "1/2-1/2"]
[WhiteElo "2173"]
[BlackElo "2652"]

1.e4 e5 2.Nc3 Nf6 3.g3 Bc5 4.Bg2 c6 5.Nge2 d5 6.exd5 cxd5 7.d4 exd4 8.Nxd4 Bg4
9.f3 Be6 10.Be3 Nbd7 11.O-O O-O 12.Bf2 Re8 13.Re1 Rc8 14.a3 Nb6 15.Bf1 a6
16.Qd2 Nc4 17.Bxc4 dxc4 18.Rad1 Bd7 19.Rxe8+ Qxe8 20.Qf4 Qe7 21.Kg2 h5 22.Nf5 Qe6
23.Nxg7 Qh3+ 24.Kg1 Bxf2+ 25.Kxf2 Rc6 26.Qg5 Kf8 27.Kg1 b6 28.Rd4 Nh7 29.Qd8+ Kxg7
30.Qxd7 Re6 31.Re4 Nf6 32.Qd4 Qf5 33.Rxe6 fxe6 34.Qf2 b5 35.Qe2 Qg5 36.Qe1 h4
37.Kg2 Qf5 38.Qe2 h3+ 39.Kg1 Qg5 40.Qe1 Qf5 41.Qe2 Qg5 42.Qe1 a5 43.Ne4 Nxe4
44.fxe4 b4 45.axb4 axb4 46.c3 b3 47.Qe2 Qc1+ 48.Kf2 Kf6 49.Kf3 Qc2 50.Ke3 Qc1+
51.Qd2 Qh1 52.Qe2 Qc1+  1/2-1/2

[Event "HZ Open"]
[Site "Vlissingen NED"]
[Date "2005.08.08"]
[Round "3"]
[White "Sasikiran,K"]
[Black "Avontuur,T"]
[Result "1-0"]
[WhiteElo "2652"]
[BlackElo "2053"]

1.d4 Nf6 2.c4 c5 3.d5 d6 4.Nc3 g6 5.e4 Bg7 6.Be2 O-O 7.Nf3 Bg4 8.O-O Nbd7
9.Bg5 a6 10.a4 Re8 11.h3 Bxf3 12.Bxf3 h6 13.Be3 Rb8 14.Qd2 Kh7 15.Be2 e5
16.a5 Nf8 17.Rfb1 g5 18.b4 cxb4 19.Rxb4 Ng6 20.Ba7 Rc8 21.Rxb7 Nd7 22.Na4 Nf4
23.Bg4 Re7 24.c5  1-0

[Event "HZ Open"]
[Site "Vlissingen NED"]
[Date "2005.08.09"]
[Round "4"]
[White "Becker,Mart"]
[Black "Sasikiran,K"]
[Result "0-1"]
[WhiteElo "2310"]
[BlackElo "2652"]

1.e4 e5 2.Nf3 Nc6 3.Nc3 Nf6 4.d4 exd4 5.Nxd4 Bb4 6.Nxc6 bxc6 7.Bd3 d5 8.exd5 cxd5
9.O-O O-O 10.Bg5 c6 11.Na4 h6 12.Bh4 Re8 13.c4 Rb8 14.Rc1 Bd6 15.b3 Bf4 16.Bg3 Bg4
17.Qc2 Nh5 18.Bxf4 Nxf4 19.f3 Bf5 20.Bxf5 Re2 21.cxd5 Qg5 22.g4 Rxc2 23.Rxc2 cxd5
24.Rfc1 Ne2+  0-1

[Event "HZ Open"]
[Site "Vlissingen NED"]
[Date "2005.08.11"]
[Round "6"]
[White "Sasikiran,K"]
[Black "Khmelniker,I"]
[Result "1-0"]
[WhiteElo "2652"]
[BlackElo "2447"]

1.d4 Nf6 2.c4 e6 3.Nc3 d5 4.cxd5 exd5 5.Bg5 Be7 6.e3 O-O 7.Bd3 Nbd7 8.Nge2 b6
9.O-O Bb7 10.Qc2 g6 11.Rad1 Re8 12.Nf4 Nf8 13.b4 a6 14.a3 Qd7 15.Rc1 Nh5
16.Bxe7 Nxf4 17.Bh4 Qg4 18.Bg3 Nxd3 19.Qxd3 Ne6 20.Rc2 f6 21.Rfc1 b5 22.Nb1 c6
23.Nd2 a5 24.Nb3 axb4 25.axb4 Ra3 26.Rc3 f5 27.h3 Qg5 28.Na5 Rxc3 29.Qxc3 Ba8
30.Nxc6 f4 31.Bxf4 Nxf4 32.exf4 Qxf4 33.Ne5 Bb7 34.Qe3 Qxe3 35.fxe3 Rc8 36.Rc5 Rxc5
37.dxc5 Kf8 38.Nf3 Ke7 39.Nd4 Ba6 40.Kf2 Kf6 41.Kf3 Ke5 42.h4 h6 43.Nc6+ Kf6
44.Kf4 Bb7 45.Nd4 Ba6 46.Nf3  1-0

[Event "49th TCh-ESP Honor 2"]
[Site "Sant Lluis ESP"]
[Date "2005.09.04"]
[Round "5"]
[White "Gurevich,M"]
[Black "Sasikiran,K"]
[Result "1/2-1/2"]
[WhiteElo "2669"]
[BlackElo "2652"]

1.d4 Nf6 2.c4 g6 3.Nc3 d5 4.Bg5 Ne4 5.Bh4 Nxc3 6.bxc3 Bg7 7.cxd5 Qxd5 8.e3 c5
9.Qf3 Qd6 10.Bc4 O-O 11.Ne2 cxd4 12.exd4 Nc6 13.O-O e5 14.Rad1 exd4 15.cxd4 Be6
16.Bg3 Qb4 17.Bxe6 fxe6 18.Qe3 Qc4 19.Rd2 Rfe8 20.Rb1 b6 21.Rc1 Qd5 22.Nf4 Qd7
23.d5 exd5 24.Rxd5 Qf7  1/2-1/2

[Event "5th ch-Asian"]
[Site "Hyderabad IND"]
[Date "2005.10.06"]
[Round "1"]
[White "Sasikiran,K"]
[Black "Gnusarev,P"]
[Result "1-0"]
[WhiteElo "2663"]
[BlackElo "2426"]

1.d4 Nf6 2.c4 e6 3.Nc3 Bb4 4.Qc2 c5 5.dxc5 Qc7 6.Nf3 Bxc5 7.g3 Qb6 8.e3 Be7
9.Bg2 d6 10.O-O Nbd7 11.b3 O-O 12.Bb2 a6 13.Rad1 Qc7 14.Nd4 Rb8 15.Qe2 Ne5
16.f4 Nc6 17.Nxc6 bxc6 18.g4 d5 19.g5 Nd7 20.h4 a5 21.h5 Ba6 22.Rf2 Nc5 23.Qg4 dxc4
24.Ne4 Nxe4 25.Bxe4 cxb3 26.g6  1-0

[Event "5th ch-Asian"]
[Site "Hyderabad IND"]
[Date "2005.10.08"]
[Round "3"]
[White "Sasikiran,K"]
[Black "Mahjoob,M"]
[Result "1-0"]
[WhiteElo "2663"]
[BlackElo "2418"]

1.Nf3 d6 2.d4 g6 3.e4 Bg7 4.c3 Nf6 5.Bd3 O-O 6.O-O Nc6 7.Na3 e5 8.dxe5 Nxe5
9.Nxe5 dxe5 10.Nc4 Nd7 11.b4 b6 12.a4 a5 13.Qc2 Re8 14.bxa5 bxa5 15.Rd1 Bf8
16.Bf1 Bc5 17.Be3 Qe7 18.Qd2 Bxe3 19.Nxe3 c6 20.Qd6 Nc5 21.Qxe7 Rxe7 22.Rd8+ Kg7
23.f3 Nb7 24.Rdd1 Be6 25.Bc4 Bxc4 26.Nxc4 f6 27.Kf2 Nc5 28.Rd6 Rc7 29.g4 Nb7
30.Rdd1 h6 31.h4 Kf7 32.g5 hxg5 33.hxg5 Ke6 34.gxf6 Kxf6 35.Rab1 Re8 36.Nd6 Nxd6
37.Rxd6+ Re6 38.Rd8 Ra7 39.Ke3 Ke7 40.Rbb8 Rd6 41.Rxd6 Kxd6 42.Rg8 Kc5 43.Rxg6 Re7
44.Rf6 Kc4 45.Rxc6+ Kb3 46.Rb6+ Kxa4 47.c4 Ka3 48.c5 a4 49.Kd3 Rf7 50.Kc4 Rxf3
51.c6 Rf1 52.Kd5 Rc1 53.Kd6 Ka2 54.c7  1-0

[Event "5th ch-Asian"]
[Site "Hyderabad IND"]
[Date "2005.10.12"]
[Round "6"]
[White "Venkatesh,M"]
[Black "Sasikiran,K"]
[Result "1/2-1/2"]
[WhiteElo "2431"]
[BlackElo "2663"]

1.e4 e5 2.Nf3 Nc6 3.Bb5 a6 4.Ba4 Nf6 5.O-O Be7 6.Re1 b5 7.Bb3 d6 8.c3 O-O
9.h3 Nb8 10.d4 Nbd7 11.Nbd2 Bb7 12.Bc2 Re8 13.Nf1 Bf8 14.Ng3 g6 15.a4 Bg7
16.Bd3 c6 17.b4 Qc7 18.Bg5 Nf8 19.Qd2 Ne6 20.Be3 Nd7 21.dxe5 dxe5 22.Red1 Nb6
23.a5 Na4 24.Ng5 Nf4 25.Bc2 Rad8 26.Qe1 Qe7 27.Bxa4 Qxg5 28.Bb3 h5 29.Rxd8 Rxd8
30.Rd1 h4 31.Rxd8+ Qxd8 32.Ne2 Qd3 33.Bxf4 exf4 34.Nxf4 Qxc3 35.Qxc3 Bxc3
36.Nd3 Kf8 37.Kf1 Bc8 38.Ke2 g5 39.f3 Ke7 40.Ke3 f6 41.Ba2 f5 42.Bb3 g4 43.hxg4 fxg4
44.fxg4 Bxg4 45.Ba2 Bd1 46.Bb1 Kd6 47.e5+ Ke7 48.Ke4 Bb3 49.Kf5 Bd2 50.Nc5 Bd5
51.Be4 Bxb4 52.Nxa6 Bxa5 53.Nb8 Be6+ 54.Kg6 Bc3 55.Nxc6+ Kd7 56.Kf6 Bc4 57.Kg5 Be1
58.Nd4 b4 59.Bf5+ Kc7 60.Be6 Bf1 61.Bd5 Bc3 62.Nc2 Bd3 63.Bb3 Be4 64.Kxh4 Bxg2
65.Ne3 Be4 66.Nd5+ Kc6 67.Nxc3 bxc3 68.Kg3 Bd5 69.Bc2 Kc5  1/2-1/2

[Event "5th ch-Asian"]
[Site "Hyderabad IND"]
[Date "2005.10.14"]
[Round "8"]
[White "Sasikiran,K"]
[Black "Kayumov,S"]
[Result "1-0"]
[WhiteElo "2663"]
[BlackElo "2436"]

1.d4 d5 2.c4 c6 3.Nf3 Nf6 4.e3 Bf5 5.Nc3 e6 6.Nh4 Bg6 7.Nxg6 hxg6 8.Bd2 Nbd7
9.Rc1 Bd6 10.Qb3 Rb8 11.g3 Qe7 12.Bg2 e5 13.O-O dxc4 14.Qxc4 Nb6 15.Qb3 O-O
16.a4 Rfc8 17.Rfe1 Nbd7 18.Rcd1 b5 19.axb5 a6 20.Ra1 axb5 21.Ra7 Qf8 22.Ne4 c5
23.Ng5 c4 24.Qc2 b4 25.Rxd7 Nxd7 26.Bd5 Qe7 27.Bxf7+ Qxf7 28.Nxf7 Kxf7 29.f4 exd4
30.exd4 Nf6 31.f5 gxf5 32.Qxf5 c3 33.bxc3 bxc3 34.Bg5 Re8 35.Rxe8 Rxe8 36.Bxf6 gxf6
37.Qd5+ Kg6 38.Qc6 Re1+ 39.Kf2 Rc1 40.Qxd6 c2 41.Qc6 Kf7  1-0

[Event "5th ch-Asian"]
[Site "Hyderabad IND"]
[Date "2005.10.15"]
[Round "9"]
[White "Wang Hao"]
[Black "Sasikiran,K"]
[Result "1/2-1/2"]
[WhiteElo "2519"]
[BlackElo "2663"]

1.e4 e5 2.Nf3 Nc6 3.Bb5 a6 4.Ba4 Nf6 5.O-O Be7 6.Re1 b5 7.Bb3 d6 8.c3 O-O
9.d4 Bg4 10.Be3 exd4 11.cxd4 Na5 12.Bc2 Nc4 13.Bc1 c5 14.b3 Nb6 15.Bb2 Nfd7
16.Nbd2 Re8 17.h3 Bh5 18.a4 Rc8 19.a5 Na8 20.dxc5 Nxc5 21.Qb1 Bg6 22.Nd4 d5
23.e5 Bxc2 24.Qxc2 Ne6 25.Qd1 Nac7 26.N2f3 Nxd4 27.Nxd4 Ne6 28.Qg4 Bf8 29.Nf5 f6
30.Rad1 Rc2 31.Bd4 Qxa5 32.Nd6 Re7 33.Ba1 Rd2 34.Rc1 Rc7 35.Qf3 Rdc2 36.Rcd1 d4
37.Ne8 Rc8 38.Nd6 R8c7 39.Ne8 R7c6 40.Nxf6+ Kh8 41.Ne8 Kg8 42.Nf6+ Kh8 43.Ne8 Kg8
44.Nf6+  1/2-1/2

[Event "2nd Rapid"]
[Site "D'Ajaccio FRA"]
[Date "2005.10.26"]
[Round "5"]
[White "Lautier,J"]
[Black "Sasikiran,K"]
[Result "0-1"]
[WhiteElo "2680"]
[BlackElo "2663"]

1.d4 Nf6 2.c4 e6 3.Nf3 b6 4.g3 Ba6 5.Qb3 Nc6 6.Nbd2 Bb7 7.e4 d5 8.cxd5 exd5
9.e5 Ne4 10.Bd3 Bb4 11.O-O O-O 12.Rd1 Bxd2 13.Bxd2 Kh8 14.Bf4 f6 15.exf6 Rxf6
16.Rac1 Qe8 17.Qxd5 Nd6 18.Re1 Ne7 19.Qe5 Bxf3 20.Qxe7 Qh5 21.Re5 Nf5 22.Qd7 Raf8
23.Rxc7 g5 24.Rxf5 Qxh2+ 25.Kf1 Ra8 26.Bc1  0-1

[Event "2nd Rapid"]
[Site "D'Ajaccio FRA"]
[Date "2005.10.27"]
[Round "8"]
[White "Sasikiran,K"]
[Black "Gurevich,M"]
[Result "0-1"]
[WhiteElo "2663"]
[BlackElo "2652"]

1.d4 d5 2.c4 c6 3.Nf3 Nf6 4.e3 Bf5 5.Nc3 e6 6.Nh4 Bg6 7.Nxg6 hxg6 8.g3 Nbd7
9.Bg2 Bd6 10.Qe2 Qe7 11.Bd2 dxc4 12.Qxc4 e5 13.O-O Nb6 14.Qb3 exd4 15.exd4 O-O
16.a4 Qd7 17.Bg5 Be7 18.Rfe1 Nbd5 19.a5 Rfe8 20.h4 Bf8 21.Re5 Nxc3 22.bxc3 Bd6
23.Ree1 Rab8 24.Rab1 Bc7 25.Rxe8+ Qxe8 26.Qa2 a6 27.c4 Qd8 28.d5 cxd5 29.Bxd5 Bxa5
30.Bxf6 gxf6 31.c5 Kg7 32.Bxf7 Bc7 33.Bd5 Qe7 34.Qc2 b5 35.h5 gxh5 36.Qf5 Qe5
37.Qd7+ Kh6 38.Bf3 Rg8 39.Qh3 Rg5 40.Kg2 Qxc5 41.Rd1 Qf5 42.Qxf5 Rxf5 43.Rd7 Rc5
44.Be4 f5 45.Bd3 f4 46.Rh7+ Kg5 47.Rg7+ Kf6 48.Rg6+ Ke7 49.gxf4 Bxf4 50.Rxa6 b4
51.Rb6 Bd2 52.Be2 h4 53.Bg4 Rc4 54.Kh3 Be1 55.Kxh4 Bxf2+ 56.Kg5 Ke8  0-1

[Event "Aeroflot Open"]
[Site "Moscow RUS"]
[Date "2006.02.12"]
[Round "5"]
[White "Sasikiran,K"]
[Black "Landa,K"]
[Result "1-0"]
[WhiteElo "2670"]
[BlackElo "2597"]

1.d4 Nf6 2.c4 e6 3.Nc3 Bb4 4.e3 O-O 5.Ne2 d5 6.a3 Be7 7.cxd5 exd5 8.g3 a5
9.Bg2 c6 10.O-O Na6 11.b3 Re8 12.Kh1 Bf8 13.Nf4 Bf5 14.f3 h6 15.Ra2 b5 16.Nce2 Bh7
17.g4 Ra7 18.Ng3 Bd6 19.Nd3 c5 20.f4 Ne4 21.Nxe4 Bxe4 22.Ne5 Rc7 23.Qe2 Bxg2+
24.Qxg2 Bxe5 25.fxe5 c4 26.bxc4 dxc4 27.g5 Qxg5 28.Qd5 Qg6 29.Rg2 Qc6 30.e4 c3
31.Rfg1 g5 32.Bxg5 hxg5 33.Rxg5+ Kf8 34.Rg8+ Ke7 35.Rxe8+  1-0

[Event "Trophee Universitaire"]
[Site "La Roche-sur-Yon FRA"]
[Date "2006.03.16"]
[Round "2"]
[White "Maze,S"]
[Black "Sasikiran,K"]
[Result "1/2-1/2"]
[WhiteElo "2518"]
[BlackElo "2670"]

1.e4 e5 2.Nf3 Nc6 3.Bb5 a6 4.Bxc6 dxc6 5.O-O f6 6.d4 exd4 7.Nxd4 c5 8.Ne2 Qxd1
9.Rxd1 Bd7 10.Nbc3 O-O-O 11.Be3 Re8 12.Rd2 Bc6 13.Rad1 b6 14.f3 Ne7 15.Nf4 Ng6
16.Nh5 Ne5 17.b3 c4 18.Nd5 a5 19.Kf2 Kb7 20.g4 Rg8 21.h3 Ba3 22.Bf4 cxb3
23.cxb3 Ref8 24.Be3 Rf7 25.Ng3 g6 26.f4 Nd7 27.Rc2 Re8 28.Kf3 Bc5 29.Bxc5 Nxc5
30.Re2 Rd8 31.Nc3 Rxd1 32.Nxd1 f5 33.Nf2 fxg4+ 34.hxg4 Ne6 35.f5 Nd4+ 36.Kf4 Nxe2+
37.Nxe2 h5 38.gxh5 Bxe4 39.hxg6 Rxf5+ 40.Kxe4 Rxf2 41.Nf4 Rf1 42.Kf5 Rg1
43.Ne2 Rg2 44.Nf4 Rg3 45.Nh5 Rg1 46.g7 Kc6 47.Kf4 Rg6 48.Kf5  1/2-1/2

[Event "Trophee Universitaire"]
[Site "La Roche-sur-Yon FRA"]
[Date "2006.03.17"]
[Round "3"]
[White "Sasikiran,K"]
[Black "Dunis,A"]
[Result "1/2-1/2"]
[WhiteElo "2670"]
[BlackElo "2534"]

1.d4 d5 2.c4 c6 3.Nf3 Nf6 4.e3 Bf5 5.Nc3 e6 6.Nh4 Bg6 7.Nxg6 hxg6 8.g3 Nbd7
9.Bg2 dxc4 10.Qe2 Be7 11.O-O O-O 12.Rd1 Qc7 13.Qxc4 e5 14.e4 Rfd8 15.Be3 Ng4
16.Nd5 Qd6 17.Nxe7+ Qxe7 18.Qe2 Nxe3 19.Qxe3 Nf6 20.h3 Rxd4 21.Rxd4 exd4
22.Qxd4 Rd8 23.Qxa7 Qb4 24.b3 Nxe4 25.Bxe4 Qxe4 26.Qxb7 Rd2 27.Qb8+ Kh7 28.Qf4 Qxf4
29.gxf4 Rb2 30.Rc1 Rxa2 31.Rxc6 Rd2 32.Rc3 Rd4 33.Rf3 f5 34.Kg2 Rb4 35.Kg3 Kh6
36.Rd3 Kh7 37.Kf3 Kh6 38.Rc3 Kh5 39.Kg3 Kh6 40.f3 Rb8 41.Kf2 Kh5 42.Rd3 Kh4
43.Kg2 Kh5 44.Kg3 Kh6 45.Rc3 Kh5 46.Kf2 Kh4 47.Kg2 Kh5 48.Kg3 Kh6 49.h4 Rb4
50.Kf2 Rb8 51.Ke3 Kh5 52.Kf2 Kh6 53.Kg3 Rb4 54.Rd3 Rb8 55.Kg2 Rb4 56.Rc3 Rb8
57.Kf2 Rb4 58.Ke2 Rb8 59.Ke3 Kh5 60.Kf2 Kh6 61.Kg3 Rb4  1/2-1/2

[Event "Trophee Universitaire"]
[Site "La Roche-sur-Yon FRA"]
[Date "2006.03.21"]
[Round "6"]
[White "Sasikiran,K"]
[Black "Rodriguez Guerrero,E"]
[Result "1-0"]
[WhiteElo "2670"]
[BlackElo "2464"]

1.d4 d5 2.c4 c6 3.Nf3 Nf6 4.Nc3 e6 5.Bg5 h6 6.Bh4 dxc4 7.e4 g5 8.Bg3 b5 9.Ne5 Bb7
10.h4 Rg8 11.hxg5 hxg5 12.Qf3 Qe7 13.Be2 Nbd7 14.Rd1 O-O-O 15.Kf1 a6 16.b3 cxb3
17.axb3 Nxe5 18.Bxe5 Nd7 19.Bg3 f6 20.Kg1 Bg7 21.Qe3 Rh8 22.Rxh8 Bxh8 23.Bg4 c5
24.d5 Ne5 25.Bxe6+ Kb8 26.f3 Bg7 27.Rc1 Bc8 28.Bxc8 Rxc8 29.Nd1 Bf8 30.Qe2 Qb7
31.Ne3 Qb6 32.Bf2 Bd6 33.Nf5 Qc7 34.Qe3 Ng6 35.Nxd6 Qxd6 36.b4 Rh8 37.Qxc5 Qxc5
38.Bxc5 Rc8 39.Kf2 Kb7 40.Rh1 Ne5 41.Ke3 Rc7 42.Kd4 a5 43.d6 Rd7 44.bxa5 Kc6
45.a6 Nc4 46.a7 Rd8 47.Ra1 Ra8 48.g3 Ne5 49.Ra6+ Kd7 50.Kd5 Nxf3 51.Rc6  1-0

[Event "Trophee Universitaire"]
[Site "La Roche-sur-Yon FRA"]
[Date "2006.03.23"]
[Round "8"]
[White "Sasikiran,K"]
[Black "Istratescu,A"]
[Result "1/2-1/2"]
[WhiteElo "2670"]
[BlackElo "2618"]

1.d4 g6 2.Nf3 Bg7 3.c3 Nf6 4.Bg5 d6 5.Nbd2 h6 6.Bh4 g5 7.Bg3 Nh5 8.e4 e6
9.Nc4 Qe7 10.Nfd2 Nxg3 11.hxg3 Nd7 12.Ne3 a6 13.Bd3 c5 14.d5 b5 15.dxe6 fxe6
16.a4 b4 17.cxb4 Bxb2 18.Rb1 Bc3 19.bxc5 Nxc5 20.Bc2 Bb7 21.O-O O-O 22.Ndc4 Bxe4
23.Nxd6 Rad8 24.Bxe4 Nxe4 25.Qc2 Rxd6 26.Qxe4 Bg7 27.Rb7 Qf6 28.a5 Rd2 29.Kh2 h5
30.Ra7 h4 31.gxh4 Rxf2 32.Rxf2 Qxf2 33.hxg5 Be5+  1/2-1/2

[Event "TCh-ESP Honor Gp1"]
[Site "Olite ESP"]
[Date "2006.09.10"]
[Round "5"]
[White "Krasenkow,M"]
[Black "Sasikiran,K"]
[Result "1/2-1/2"]
[WhiteElo "2635"]
[BlackElo "2675"]

1.d4 d5 2.Nf3 Nf6 3.c4 dxc4 4.e3 a6 5.Bxc4 e6 6.Qe2 c5 7.dxc5 Bxc5 8.O-O Nc6
9.e4 b5 10.Bd3 e5 11.Be3 Nd4 12.Nxd4 Bxd4 13.Nd2 Bg4 14.f3 Be6 15.a4 Qb6
16.Rfe1 O-O 17.axb5 axb5 18.Nf1 b4 19.Rxa8 Rxa8 20.Bc4 Rc8 21.Bxe6 fxe6 22.Qd3 Rd8
23.Bxd4 Rxd4 24.Qe3 Qd6 25.Ra1 h6 26.Qc1 Kh7 27.h3 Nh5 28.Qc8 Nf4 29.Ra8 Rd1
30.Kh2 Rxf1 31.Qg8+ Kg6 32.Ra7 Nh5 33.Qf7+ Kh7 34.Qxh5 Qc5 35.Qf7 Qg1+ 36.Kg3 Qf2+  1/2-1/2

[Event "3rd Rapid Open"]
[Site "Ajaccio FRA"]
[Date "2006.10.30"]
[Round "5"]
[White "Lupu,MS"]
[Black "Sasikiran,K"]
[Result "1/2-1/2"]
[WhiteElo "2450"]
[BlackElo "2675"]

1.d4 Nf6 2.Nf3 g6 3.g3 Bg7 4.Bg2 O-O 5.O-O c6 6.Re1 d5 7.Nbd2 a5 8.e4 dxe4
9.Nxe4 Nxe4 10.Rxe4 Bf5 11.Re1 Nd7 12.Bg5 Nf6 13.c3 a4 14.Nh4 Bg4 15.Qd2 Ra5
16.Bh6 Qd6 17.Bxg7 Kxg7 18.Nf3 Bxf3 19.Bxf3 Rd8 20.b4 axb3 21.axb3 Rxa1 22.Rxa1 e5
23.Rd1 Qe6 24.Qc2 exd4 25.Rxd4 Ra8 26.Rd1 Ra3 27.Rb1 Qe5 28.Qb2 Ra8 29.Rd1 Re8
30.Qd2 Re7 31.Qc2 Qe6 32.Kg2 Qe5 33.Rd2 Rd7 34.Rxd7 Nxd7 35.b4 Nb6 36.Qd3 Na4
37.Qd7 Qb5 38.Qd4+ Kg8 39.Qd8+ Kg7 40.Qd4+ Kg8 41.Qd1  1/2-1/2

[Event "XV Asiad Men's Rapid"]
[Site "Doha QAT"]
[Date "2006.12.03"]
[Round "4"]
[White "Sasikiran,K"]
[Black "Laylo,D"]
[Result "1/2-1/2"]
[WhiteElo "2675"]
[BlackElo "2448"]

1.d4 d5 2.c4 c6 3.Nf3 Nf6 4.Nc3 g6 5.Bf4 Bg7 6.e3 O-O 7.Rc1 Qb6 8.Qd2 Ne4
9.Nxe4 dxe4 10.Ng5 c5 11.Nxe4 cxd4 12.exd4 Qxd4 13.Qxd4 Bxd4 14.Nc3 Nc6 15.Be2 Bf5
16.O-O Rac8 17.Rfd1 Rfd8 18.h3 Kg7 19.g4 Be6 20.b3 f6 21.Kg2 Bf7 22.Bf3 e5
23.Be3 f5 24.gxf5 gxf5 25.Bxd4 Rxd4 26.Rxd4 exd4 27.Ne2 Rd8 28.Rd1 d3 29.Nf4 Nb4
30.Bxb7 Rd4 31.Kg3 d2 32.a3 Na2 33.Ne2 Rd3+ 34.f3 Rxb3 35.Rxd2 Rxb7 36.Rxa2 Bxc4
37.Rc2 Bd3 38.Rd2 Bxe2 39.Rxe2 Kf6 40.Rc2 Kg5 41.Rc5 Rf7 42.Ra5 Kh5 43.h4 Rg7+
44.Kh3 Kg6 45.Ra6+ Kh5 46.Rf6 Rc7 47.Rxf5+ Kg6 48.Ra5 h5 49.Kg3 Rf7 50.a4 Rc7
51.Rg5+ Kh6 52.Re5 Kg6 53.Kf4 Rc4+ 54.Re4 Rc6 55.Rb4 Rf6+ 56.Ke4 Re6+ 57.Kd5 Rf6
58.Ke4 Re6+ 59.Kf4 Rf6+ 60.Kg3 Ra6 61.Rf4 Ra5 62.Kf2 Rc5 63.Rb4 Ra5 64.Ke3 Ra6
65.Rf4 Ra5 66.Kd3 Rc5 67.Rc4 Ra5 68.Ke4 Ra6 69.f4 Re6+ 70.Kd5 Kf5 71.Kc5 Rf6
72.Kb5 Kg4 73.f5+ Kxf5 74.a5 a6+ 75.Kb4 Rg6 76.Rc1 Rg4+ 77.Kc5 Rxh4 78.Kb6 Rb4+
79.Kxa6 h4  1/2-1/2

[Event "XV Asiad Men's Rapid"]
[Site "Doha QAT"]
[Date "2006.12.03"]
[Round "6"]
[White "Sasikiran,K"]
[Black "Al Sayed,Mohamad"]
[Result "1/2-1/2"]
[WhiteElo "2675"]
[BlackElo "2486"]

1.d4 d5 2.Nf3 Nf6 3.c4 c6 4.e3 Bf5 5.Nc3 e6 6.Nh4 Bg6 7.Nxg6 hxg6 8.g3 Nbd7
9.Bg2 dxc4 10.Qe2 Nb6 11.O-O Be7 12.Rd1 Qc7 13.e4 e5 14.Be3 O-O 15.a4 Bb4
16.dxe5 Qxe5 17.a5 Nbd7 18.f4 Qe6 19.e5 Rfe8 20.a6 bxa6 21.Rxa6 Rac8 22.Nd5 Bc5
23.Kh1 Bxe3 24.Nxe3 c3 25.Ra5 cxb2 26.Qxb2 Rb8 27.Qd2 Rbd8 28.Qc3 Ng4 29.Nxg4 Qxg4
30.Bf3 Qh3 31.Kg1 Nf8 32.Raa1 Ne6 33.Qxc6 g5 34.fxg5 Nxg5 35.Bg2 Qg4 36.Rd6 Rc8
37.Qd5 Qe2 38.Qd2 Qxe5 39.Ra5 Qe1+ 40.Qxe1 Rxe1+ 41.Kf2 Ne4+ 42.Kxe1 Nxd6
43.Rxa7 Rc2 44.Kf1 g6 45.Kg1 Rc1+ 46.Kf2 Rc2+ 47.Kg1 Rc1+  1/2-1/2

[Event "XV Asiad Men's Rapid"]
[Site "Doha QAT"]
[Date "2006.12.04"]
[Round "9"]
[White "Sasikiran,K"]
[Black "Kazhgaleyev,M"]
[Result "0-1"]
[WhiteElo "2675"]
[BlackElo "2609"]

1.d4 d5 2.Nf3 Nf6 3.c4 c6 4.e3 a6 5.Bd3 Bg4 6.Qb3 Bxf3 7.gxf3 Qc7 8.Nc3 e6
9.c5 Nbd7 10.f4 b6 11.cxb6 Nxb6 12.Bd2 Bd6 13.Rc1 O-O 14.Na4 Nxa4 15.Qxa4 Rfc8
16.b4 Ne4 17.Bxe4 dxe4 18.Rc4 Qb7 19.Qc2 f5 20.Ke2 Rc7 21.Rc1 Rac8 22.a4 h6
23.Qb3 Kh7 24.h3 Rb8 25.Qc2 Rbc8 26.Ke1 Kh8 27.Qd1 Kh7 28.f3 exf3 29.Qxf3 Kh8
30.Ke2 Be7 31.Qg2 Bf6 32.Be1 Qb6 33.h4 Qb7 34.h5 Qb6 35.Qh1 Qb7 36.Bh4 Bxh4
37.Qxh4 Rd7 38.Qh1 Rd5 39.Qg2 Qd7 40.Rc5 Kh7 41.Qg6+ Kh8 42.R1c4 Rc7 43.Qg1 Qe8
44.Qh1 Kh7 45.Kd3 Qf7 46.Kc3 Qe8 47.Kb3 Kh8 48.Ka3 Kh7 49.a5 Qf7 50.Rc2 Kg8
51.Qf1 Rxc5 52.Rxc5 Qxh5 53.Rc1 Qh2 54.Qxa6 Qd2 55.Rxc6 Qxe3+ 56.Ka4 Re7
57.Qc4 Kh7 58.b5 Rd7 59.Rxe6 Qxf4 60.Qc3 Rxd4+ 61.Kb3 Rd1 62.Re7 Rg1 63.Re3 Rb1+
64.Ka3 Rxb5 65.Rg3 Rxa5+  0-1

[Event "1st Ruy Lopez Open"]
[Site "Zafra ESP ESP"]
[Date "2007.03.24"]
[Round "1"]
[White "Galan Martin,A"]
[Black "Sasikiran,K"]
[Result "0-1"]
[WhiteElo "1847"]
[BlackElo "2700"]

1.e4 e5 2.Nf3 Nc6 3.Bb5 a6 4.Ba4 Nf6 5.O-O Be7 6.Re1 b5 7.Bb3 d6 8.c3 O-O
9.h3 Nb8 10.d4 Nbd7 11.Nbd2 Bb7 12.Bc2 Re8 13.Nf1 Bf8 14.Ng3 g6 15.Bg5 Bg7
16.Qd2 Qe7 17.Rad1 Qf8 18.d5 Rec8 19.b3 c6 20.c4 bxc4 21.bxc4 Nc5 22.Be3 Nfd7
23.Rb1 a5 24.Rec1 Ba6 25.Bd1 cxd5 26.cxd5 f5 27.exf5 gxf5 28.Bxc5 Nxc5 29.Bc2 Bh6
30.Ng5 f4 31.N3e4 Nxe4 32.Nxe4 f3 33.Ng5 Qe7 34.h4 fxg2 35.Kxg2 Rc4 36.Kg3 Rf8
37.Rg1 Bxg5 38.hxg5 Rcf4 39.Rg2 e4 40.Qxf4 Rxf4 41.Kxf4 Qe5+ 42.Kg4 Bc8+
43.Kh5 Qc3 44.Rh1 Qf3+ 45.Kh6 Qxg2 46.Rh4 Qxf2  0-1

[Event "II Rapid"]
[Site "Canada de Calatrava ESP"]
[Date "2007.04.07"]
[Round "6"]
[White "Sasikiran,K"]
[Black "Perez Candelario,Man"]
[Result "1-0"]
[WhiteElo "2700"]
[BlackElo "2515"]

1.d4 d5 2.c4 e6 3.Nf3 Nf6 4.Nc3 dxc4 5.Bg5 Bb4 6.e4 b5 7.a4 c6 8.e5 h6 9.exf6 hxg5
10.fxg7 Rg8 11.g3 Bb7 12.Bg2 c5 13.O-O g4 14.axb5 Rxg7 15.Nh4 Bxg2 16.Nxg2 cxd4
17.Ne4 Qb6 18.Rc1 Nd7 19.Rxc4 Ne5 20.Rxb4 O-O-O 21.Nd2 Rh8 22.Nc4  1-0

[Event "14th Ordix Open"]
[Site "Mainz GER"]
[Date "2007.08.19"]
[Round "8"]
[White "Sasikiran,K"]
[Black "Jenni,F"]
[Result "1/2-1/2"]
[WhiteElo "2676"]
[BlackElo "2527"]

1.d4 Nf6 2.Nf3 e6 3.c4 b6 4.g3 Ba6 5.b3 b5 6.cxb5 Bxb5 7.Bg2 Bb4+ 8.Bd2 a5
9.a3 Bxd2+ 10.Qxd2 Bc6 11.O-O Qc8 12.Rc1 Qb7 13.Qc2 Ra7 14.Nc3 Ne4 15.Na4 Bd5
16.Rab1 Nc6 17.e3 O-O 18.Ne1 f5 19.f3 Nf6 20.Nc5 Qb6 21.Ned3 Nb8 22.b4 axb4
23.Nxb4 Qd6 24.Nxd5 Nxd5 25.Rb3 Nc6 26.f4 Rfa8 27.a4 Na5 28.Ra3 Nb7 29.Qd2 c6
30.Bf1 Nf6 31.Qa2 Nxc5 32.Rxc5 Ra5 33.Rxa5 Rxa5 34.Qb2 Kf7 35.Bc4 Ne4 36.Ra1 Qc7
37.Qc2 Qa7 38.g4 g6 39.gxf5 gxf5 40.Bb3 Qb6 41.Kh1 Ra8 42.Rg1 Rg8 43.Rxg8 Kxg8
44.Qg2+ Kh8 45.Bc2 Nf6 46.Qg5 Ng8 47.Qg1 Qb4 48.Qd1 Nf6 49.Kg2 Nd5 50.Kf3 Qc3
51.Qd3 Qe1 52.a5 Qxa5 53.Ke2 Qb5 54.Kf2 Kg7 55.Kg3 Kg6 56.Kh4 h6 57.Kh3 d6
58.Kh4 Kg7  1/2-1/2

[Event "2nd MAIG Team Standard"]
[Site "Macau CHN"]
[Date "2007.10.29"]
[Round "4"]
[White "Sasikiran,K"]
[Black "Bu Xiangzhi"]
[Result "0-1"]
[WhiteElo "2661"]
[BlackElo "2692"]

1.d4 d5 2.c4 c6 3.Nf3 Nf6 4.e3 Bf5 5.Nc3 e6 6.Nh4 Be4 7.f3 Bg6 8.Qb3 Qc7
9.Bd2 Be7 10.g3 a6 11.cxd5 cxd5 12.Rc1 Nc6 13.a3 O-O 14.Nxg6 hxg6 15.Bd3 Rac8
16.O-O Na5 17.Qa2 Qb6 18.Rc2 Nc4 19.Bc1 Qd6 20.Na4 Nd7 21.b4 e5 22.Rd1 exd4
23.exd4 b6 24.Bf1 Rfe8 25.Nb2 b5 26.Nd3 Qf6 27.Nf4 Ndb6 28.Re2 Bd6 29.Bh3 Rcd8
30.Bg2 Kf8 31.Nh3 Na4 32.Ng5 Kg8 33.Rc2 Bc7 34.f4 Bb6 35.Nf3 Re4 36.Kh1 Bxd4
37.Nxd4 Rxd4 38.Re1 Rd3 39.Rf2 d4 40.Qe2 Rc3 41.f5 d3 42.Qg4 Rxc1 43.Rxc1 d2
44.Rxd2 Nxd2 45.fxg6 Qxg6 46.Qh4 Qf6  0-1